000 00300nam a2200109 4500
008 160629b xxu||||| |||| 00| 0 eng d
100 _91347
_a Purang Y, P
245 _aLaboratory Manual in Biology - XI
260 _aN.D
_b Arya
_c2005
300 _aLaboratory Manual in Biology - XI
942 _2ddc
_cBK
999 _c1107
_d1107